Možnosti antifungálnej terapie a hľadanie nových špecifických miest zásahu pre antifungálne aktívne zlúčeniny diplomová práca

Na minha lista:
Detalhes bibliográficos
Autor principal: Jelínková, Lenka
Formato: Livro
Idioma:eslovaco
Publicado em: Bratislava STU FCHPT 2018
Acesso em linha:View in OPAC
Tags: Adicionar Tag
Sem tags, seja o primeiro a adicionar uma tag!

MARC

LEADER 00000nam a2200000 a 4500
005 20260127133959.0
008 180607 2018 xo a 001 0 slo d
035 |a vtls011760750 
039 9 |y 201806070848  |z mschk03 
040 |a STUSCHK1  |b slo  |c STUSCHK1  |e AACR2 
100 1 |a Jelínková, Lenka 
245 1 |a Možnosti antifungálnej terapie a hľadanie nových špecifických miest zásahu pre antifungálne aktívne zlúčeniny  |b diplomová práca  |c Lenka Jelínková 
260 |a Bratislava  |b STU FCHPT  |c 2018 
300 |a 81 s.  |b il.  |c 25 cm 
500 |a Študijný program: biochémia a biomedicínske technológie 
500 |a Študijný odbor: biotechnológie, chémia 
500 |a Školiace pracovisko: Ústav biochémie a mikrobiológie 
500 |a Evid. číslo: FCHPT-104538-63851 
910 |a SCHK95 
999 |c 1416  |d 1416